Statistiken für Vereinshymnen aus Deutschland

Klicken Sie hier um das Quiz zu spielen!

Allgemein

  • Dieses Quiz wurde 99 mal gespielt
  • Das Durchschnittsergebnis liegt bei 9 aus 11

Antwortstatistiken

HymneVerein% Korrekt
Stern des SüdensFC Bayern München
100%
Blau und weiß, wie lieb ich dichFC Schalke 04
100%
Lebenslang grün-weißSV Werder Bremen
98%
You‘ll never walk aloneBorussia Dortmund
97%
Betzelied1.FC Kaiserslautern
91%
Nur nach HauseHertha BSC
86%
Mer stonn zu dir1.FC Köln
82%
Im Herzen von EuropaEintracht Frankfurt
81%
Die Legende lebt1.FC Nürnberg
62%
Alte LiebeHannover 96
44%
Die Sonne scheintSV Darmstadt 98
35%

Verteilung der Resultate

Perzentil nach korrekt beantworteten Fragen

Anzahl Personen mit jedem Resultat

Ihre Resultats-Entwicklung

Sie haben dieses Quiz noch nicht gespielt